000 01797cab a2200289 4500
001 ABS50018
008 090401t1994 xxu||||| |||| 00| 0 eng d
035 _a(Sirsi) u73683
041 _aeng
245 _aBritish Railways Board v SoS Environment and others
260 _c1994
350 _a0
490 _aEstates Gazette
_v(1994) 02 EG 107-110(4)
520 _aHL 28 October 1993. In May 1988 B applied to the local authority (H) for outline consent to develop part of a former marshalling yard as housing. The application referred to some council land over which it was proposed to provide vehicular access. H failed to determine the application within the statutory period and B appealed to the SoS. Following a public local inquiry the inspector recommended the granting of permission subject to a s25 agreement and the condition that the main access road should be completed prior to the construction of the housing. H objected to the use of their land as access on environmental grounds so no agreement was reached. The SoS refused planning permission on the grounds that he was precluded in law from granting it subject to conditions relating to the provision of access over council land which had no reasonable prospect of fullfilment within the five year life of the permission. B applied under Town and Country Planning Act 1990 s288 to quash the dec
650 _aACCESS
650 _aOUTLINE PLANNING PERMISSION
650 _aPLANNING CONDITIONS
650 _aPLANNING OBLIGATIONS
650 _aPLANNING PERMISSION
650 _aREFUSAL
650 _aS52 AGREEMENTS
650 _aTOWN AND COUNTRY PLANNING ACT 1971 S52
650 _aTOWN AND COUNTRY PLANNING ACT 1990 S288
690 _aPLANNING LAW AND PRACTICE-CASE LAW
942 _n0
948 _c04/03/1997
999 _c46528
_d46528